000 00374nam a2200145 i 4500
001 bg
100 1 _aKURNOSOV, A. J.
245 0 _aTechnologija proizvodstva poluprovodnikovych priborov /
_cA.J. Kurnosov, V.V. Judin.
260 _aMoskva,
_c1974.
700 1 _aJUDIN, V. V.
040 _cBPK
041 _apol
942 _cKS
008 s pl f |000 0 pol
999 _c26287
_d26287
856 _uhttp://koha.tu.koszalin.pl/cgi-bin/koha/opac-detail.pl?biblionumber=26287
_yKatalog online BPK